| 000 | 00515nam a2200181 4500 | ||
|---|---|---|---|
| 001 | 138582 | ||
| 003 | ES-MaACL | ||
| 005 | 20230906195608.0 | ||
| 007 | t| | ||
| 008 | 070214s1970 sp r ||||1| spa d | ||
| 100 | 1 |
_aSantamaría, Concepción. _9103282 |
|
| 245 | 1 | 0 |
_aCarcajada en el infierno _b: novela / _cConcepción Santamaría. |
| 250 | _a1ª ed. | ||
| 260 |
_aMadrid : _bLiteroy, _c1970. |
||
| 300 |
_a221 p. ; _c19 cm. |
||
| 852 |
_aES-MaACL _jC-40029 _bR.73763 |
||
| 852 |
_aES-MaACL _jC-44867 _bR.73812 |
||
| 999 |
_c138582 _d138582 |
||